000 00721nam a2200253 i 4500
001 C2-0339537
003 PPAK
005 20180728141707.0
008 161218s2015 enka|||| ||||| | eng d
020 _a9781783613595
040 _aPPAK
_beng
_cPPAK
_erda
082 0 4 _a759.2
_223
090 0 0 _a759.2
_bKER
_dR
100 1 _aKerr, Gordon,
_eauthor
245 1 0 _aPre-raphaelites masterpieces of art
264 1 _aLondon :
_bFlame Tree Publishing ,
_c2015
300 _a127 pages :
_bcolour illustrations ;
_c24 cm
336 _2rdacontent
_atext
337 _2rdamedia
_aunmediated
338 _2rdacarrier
_avolume
500 _aIncludes indexes
650 1 0 _aPre-raphaelites - Great Britain.
942 _ddc
_cB
999 _c136800
_d136800